Contribuciones de la educacin̤ a la integracin̤ regional El caso del Mercosur educativo /

Detalles Bibliográficos
Autor principal: Da̕z Barrado, Cs̀tor
Autor Corporativo: MERCOSUR (Organizacin̤)
Formato: eBook
Lenguaje:español
Publicado: Madrid : Plaza y Vladš Editores, 2009.
Colección:Cuadernos Iberoamericanos de Integracin̤
Materias:
Acceso en línea:Acceso restringido

MARC

LEADER 00000nam a22000007a 4500
005 20111005103429.0
008 111005s2009 sp |||||s|||| 00||0 spa d
020 |a 1888-6736 
035 |a 4731 
040 |a vLex 
090 |c 2612  |d 2612 
100 1 |a Da̕z Barrado, Cs̀tor 
245 1 0 |a Contribuciones de la educacin̤ a la integracin̤ regional  |h [Recurso electrn̤ico] :  |b El caso del Mercosur educativo /  |c Cs̀tor Da̕z Barrado 
256 |a Servicio en ln̕ea. 
260 |a Madrid :  |b Plaza y Vladš Editores,  |c 2009. 
300 |a 1 recurso electrn̤ico 
506 1 |a Contenido solo disponible en los productos indicados  |d vLex Global  |d vLex Global (Academic Edition, excluding Law Schools)  |d vLex Global (U.S. Academic Edition, Law Schools)  |d vLex Global (U.S. Academic Edition, excluding Law Schools)  |d vLex Global (Academic Edition, Law Schools) 
610 2 4 |a MERCOSUR (Organizacin̤) 
650 0 4 |a Educacin̤  |z Amřica Latina 
710 2 |a MERCOSUR (Organizacin̤) 
740 0 |a vLex Libros (Servicio en ln̕ea) 
830 0 |a Cuadernos Iberoamericanos de Integracin̤ 
856 0 4 |u http://vlex.com/source/contribuciones-educacion-integracion-regional-4731  |z Acceso restringido 
942 |c BOOK